| 000 | 00881cam a22002054a 4500 | ||
|---|---|---|---|
| 005 | 20250605164042.0 | ||
| 008 | 250528s ||||||||||||||||||||||||d | ||
| 035 | _a17010 | ||
| 020 | _a335099440 | ||
| 040 |
_aGR-AtMCL _bgre _dGR-AtMCL _eAACR2 |
||
| 245 | 1 | _aA Critical and Cultural Theory Reader | |
| 260 |
_bOpen University Press, _c1994 |
||
| 300 | _a278 | ||
| 520 | _aThe ''death of literature'' and the rise of post-structuralist theory has breached the traditional opposition between the literary canon and popular culture, both in principle and in academic practice. Acknowledgements, Introduction, Semiology, Ideology, Subjectivity, Difference, Gender, Postmodernism, Documents in Cultural Theory, Summaries, Biographies, References, Index. | ||
| 700 | 1 |
_aEasthope Antony _93141 |
|
| 700 | 1 |
_aMcgowan Kate _93142 |
|
| 942 | _cBK | ||
| 999 |
_c2451 _d2451 |
||